000 00875nam a2200325Ia 4500
003 OSt
005 20240904094858.0
008 210323s9999||||xx |||||||||||||| ||und||
040 _cSTCPL
041 _aMAL
041 _hMAL
082 _a791.4
_bCHA-L
100 _aChandrasekharan, M K
_qഎം കെ ചന്ദ്രശേഖരന്‍
245 0 _aLoka cinima /
_cM K Chandrasekharan
_hലോകസിനിമ
260 _aThiruananthapuram :
_bZ Library ,
_c2009 .
300 _a62 p.
_bPB
650 _aMalayalam
650 _aLiterature
650 _aFilimstudy
650 _aCharlie Chaplin
650 _aIngmar Bergman
650 _aVittorio De Sica
650 _aAkira Kurosawa
650 _aSatyajit Ray
650 _aJean-Luc Godard
650 _aBattleship Potemkin
650 _a Sergei Eisenstein
942 _cBK
942 _2ddc
999 _c57938
_d57938